Damso: complétez le titre #1 - - Statistiques

Statistiques générales
  • Ce quiz a été pris 972 fois
    960 depuis la dernière actualisation
  • Le résultat moyen est 2 sur 8
Statistiques - réponses
Auteur Titre % Correct
Amnésie Faux-cul, j'étais comme un {allez l'om}, scandé par un supporter parisien
90%
BruxellesVie Si j'suis au sol c'est que j'tape des pompes, j'consulte mon solde, {je règle mes comptes}
39%
NwaarIsTheNewBlack Entendre mes ennemis dire pardon, sans leur pardonner, {baiser leur meuf en transmettant la chtouille}
22%
Beautiful Déso pour c'que je fais au sexe féminin sans le vouloir,J'ai tendance à confondre toutes les femmes à celle du trottoir Pourtant j'fais des efforts {j'suis passé du snack au restaurant}
15%
THEVIE RADIO J'suis dans l'arène, l'arena, #Vie sur macarena
J'suis tout c'qui n'fallait pas, premier du top donc j'vais pas par étapes
J'veux voir la fin d'ma vie à l'avance
Pour savoir {si mes efforts ont toujours un sens}
14%
Dieu ne ment jamais J'ai qu'un seul amour c'est la chanson, {solitaire j'ai pas besoin d'attention}
13%
Exutoire Perpétuelle éjaculation, {dans orifice de pute en excitation}
12%
Graine de sablier J'te l'dis : c'est pas tout seul que j'me suis fait, {c'est bien tout seul que j'vais me les faire}
5%
Aucun quiz correspondant
Distribution des résultats
% des personnes avec chaque résultat
Percentile par nombre de réponses
Votre historique - résultats
Vous n’avez pas pris ce quiz depuis la dernière actualisation